00296nam a2200133Ia 45000030006000000080041000060400015000471000019000622450033000812500010001142600009001245460012001330050017001450STCL150530s9999 xx 000 0 und d aSTCLcSTCL aButler, J.R.M. aHistory of England 1815-1918 aFirst c1928 aEnglish20220125171436.0